000 00362nam a22001337a 4500
082 _a891.4391
100 _aYousfi, Khalid
245 _aYadein pagal kar daiti hein /
_cKhalid yousfi
260 _aLahore :
_bQadri verity House;
_c2019.
300 _a205 p.
_c24 cm.
942 _2ddc
_cBK
999 _c566317
_d566317